| 000 | 00614cam a22002291 4500 | ||
|---|---|---|---|
| 001 | sa 68013167 | ||
| 003 | DLC | ||
| 005 | 20260227112620.0 | ||
| 008 | 890907s1966 ii b 000 0 hino | ||
| 010 | _asa 68013167 | ||
| 035 | _a(OCoLC)20310907 | ||
| 040 |
_aDLC _cWaU _dDLC |
||
| 042 | _apremarc | ||
| 050 | 0 | 0 |
_aPK2098.G8 _bY327 |
| 100 | 1 |
_aPrasāda, Vāsudeva Nandana, _d1925- |
|
| 245 | 1 | 0 | _aYaśodharā, eka samīkshā. |
| 260 | _c[1966] | ||
| 300 |
_a8, 357 p. _c18 cm. |
||
| 500 | _aIn Hindi. | ||
| 504 | _aBibliographical footnotes. | ||
| 600 | 1 | 0 |
_aGupta, Maithili Sarana, _d1886-1964. _tYaśodharā. |
| 999 |
_c84971 _d84971 |
||